LEADER 00897nem2 2200325 450 001 990009813400403321 005 20140122104440.0 035 $a000981340 035 $aFED01000981340 035 $a(Aleph)000981340FED01 035 $a000981340 100 $a20140122d1576----km-y0itay50------ba 101 0 $aita 102 $aIT 120 $aa------------ 121 $aaa-aa---- 123 0 $aa 200 1 $aMappamondo$bDocumento cartografico 206 $aScala non determinabile 210 $aIn Venetia$cappresso Simon Galignani et Girolamo Porro$d1576 215 $a1 c. [p. 193]$d15 x 11 cm 463 0$1001000964765 700 1$aPorcacchi,$bTommaso$f<1530-1585>$0327571 701 1$aPorro,$bGirolamo$f<1520-1604>$0327572 801 0$aIT$bUNINA$gRICA$2UNIMARC 901 $aMP 912 $a990009813400403321 959 $aILFGE 996 $aMappamondo$9837907 997 $aUNINA LEADER 02035nam 2200397 n 450 001 996395377103316 005 20221108040233.0 035 $a(CKB)4330000000320171 035 $a(EEBO)2240882960 035 $a(UnM)99852830 035 $a(EXLCZ)994330000000320171 100 $a19920515d1582 uy | 101 0 $aeng 135 $aurbn||||a|bb| 200 12$aA briefe historie of the glorious martyrdom of XII. reuerend priests, executed vvithin these tvveluemonethes for confession and defence of the Catholike faith$b[electronic resource] $eBut vnder the false pretence of treason. Vvith a note of sundrie things that befel them in their life and imprisonment: and a preface declaring their innocencie. Set furth by such as were much conuersant vvith them in their life, and present at their arraignement and death. Occidistis, sed non possedistis. that is you haue slaine them, but you haue not gotten possession 210 $a[Rheins $cJ. Foigny?]$d1582 215 $a[160] p 300 $aBy William Allen. 300 $aPlace of publication from and printer's name conjectured by STC. 300 $aIn two parts: "The articles ministred to the 7 priestes, and others condemned vvith them, vvith the ansvveres of these 7 to the same" has caption title and separate register. 300 $aFormerly STC 13526. 300 $aIdentified as STC 13526 on UMI microfilm. 300 $aSignatures: a-f, A-D. 300 $aSome print show-through; leaves cropped at head. 300 $aReproduction of the original in the British Library. 330 $aeebo-0018 607 $aGreat Britain$xChurch history$y16th century 700 $aAllen$b William$f1532-1594.$01000878 801 0$bCu-RivES 801 1$bCu-RivES 801 2$bCStRLIN 801 2$bWaOLN 906 $aBOOK 912 $a996395377103316 996 $aA briefe historie of the glorious martyrdom of XII. reuerend priests, executed vvithin these tvveluemonethes for confession and defence of the Catholike faith$92311800 997 $aUNISA LEADER 02552nam 2200565 a 450 001 9910778481803321 005 20230721022737.0 010 $a90-6299-846-1 035 $a(CKB)1000000000794110 035 $a(EBL)449441 035 $a(OCoLC)609842306 035 $a(SSID)ssj0000357364 035 $a(PQKBManifestationID)12080029 035 $a(PQKBTitleCode)TC0000357364 035 $a(PQKBWorkID)10353978 035 $a(PQKB)10414803 035 $a(MiAaPQ)EBC449441 035 $a(Au-PeEL)EBL449441 035 $a(CaPaEBR)ebr10505622 035 $a(EXLCZ)991000000000794110 100 $a20111129d2009 uy 0 101 0 $aeng 135 $aur|n|---||||| 181 $ctxt 182 $cc 183 $acr 200 10$aBrief history of vision and ocular medicine$b[electronic resource] /$fby Wolfgang H. Vogel and Andreas Berke 210 $aAmsterdam $cWayenborgh Publishers$d2009 215 $a1 online resource (271 p.) 300 $aDescription based upon print version of record. 311 $a90-6299-220-X 320 $aIncludes bibliographical references. 327 $aIntroduction; History of Prehistoric Times; Introduction to Ancient History; Ancient Mesopotamia; Ancient India; Ancient Egypt; Ancient China; Ancient Greece; Ancient Rome; Early Medieval Ages; Medieval Islamic Medicine; The Renaissance; Early Modern Times; Western Modern Times; References; Glossary; Acknowledgements 330 $aThe history and development of vision and ocular medicine over time always occurred within a framework of many other cultural events. Thus, it is important to understand these factors before one can appreciate how vision and ocular medicine were viewed and practiced at a particular time and in a particular region, and how both slowly progressed over the centuries.Ocular medicine is, and always has been, a part of medicine, and is influenced by its theoretical and practical principles, as well as its diagnostic and therapeutic practices. If the ancient people thought that diseases were caused b 606 $aOphthalmology$xHistory 606 $aVision$xHistory 615 0$aOphthalmology$xHistory. 615 0$aVision$xHistory. 676 $a617.7 676 $a617.7/061 676 $a617.7061 700 $aVogel$b Wolfgang H$057351 701 $aBerke$b Andreas$01579561 801 0$bMiAaPQ 801 1$bMiAaPQ 801 2$bMiAaPQ 906 $aBOOK 912 $a9910778481803321 996 $aBrief history of vision and ocular medicine$93859752 997 $aUNINA